[Event "SR 3. liga A2 2017/2018"]
[Site "?"]
[Date "2018.03.04"]
[Round "10.5"]
[White "Merva, Frantisek"]
[Black "Sebesta, Radovan"]
[Result "1-0"]
[WhiteElo "2091"]
[BlackElo "2017"]
[PlyCount "81"]
[EventDate "2017.??.??"]

1. d4 Nf6 2. Nf3 e6 3. Bg5 d5 4. e3 Be7 5. Bd3 Nbd7 6. O-O h6 7. Bh4 O-O 8.
Nbd2 c5 9. c3 b6 10. Ne5 Nxe5 11. dxe5 Nd7 12. Bxe7 Qxe7 13. Qh5 Qg5 14. Qxg5
hxg5 15. f4 gxf4 16. exf4 Bb7 17. Bb5 Rad8 18. Bxd7 Rxd7 19. Rae1 d4 20. cxd4
Rxd4 21. Rf2 Rfd8 22. Nf1 Rd1 23. Rxd1 Rxd1 24. Rd2 Rxd2 25. Nxd2 Bd5 26. a3 f6
27. exf6 gxf6 28. g4 Kg7 29. Kf2 Kg6 30. h4 b5 31. Ke3 a5 32. Ne4 Bxe4 33. Kxe4
f5+ 34. gxf5+ exf5+ 35. Kd5 b4 36. Kxc5 bxa3 37. bxa3 Kh5 38. Kd5 Kxh4 39. Ke5
Kh5 40. Kxf5 Kh6 41. Kf6 1-0

[Event "SR 3. liga A2 2017/2018"]
[Site "?"]
[Date "2018.03.04"]
[Round "10.5"]
[White "Palka, Miroslav"]
[Black "Csuri, Szilveszter"]
[Result "1-0"]
[WhiteElo "1938"]
[BlackElo "1973"]
[PlyCount "119"]
[EventDate "2017.??.??"]

1. c4 e5 2. Nc3 Nf6 3. e4 Bc5 4. Nge2 Nc6 5. h3 a6 6. g3 d6 7. Bg2 Be6 8. d3
O-O 9. O-O Nd4 10. Kh2 c6 11. Nxd4 Bxd4 12. f4 exf4 13. Bxf4 Be5 14. Rc1 Qb6
15. Qe2 Nd7 16. Be3 Bd4 17. Bxd4 Qxd4 18. Rcd1 Rae8 19. Qf2 Qxf2 20. Rxf2 Ne5
21. b3 f5 22. d4 Nd7 23. d5 cxd5 24. exd5 Bf7 25. Rxf5 Nf6 26. Rd2 Re3 27. Rf3
Rfe8 28. Rxe3 Rxe3 29. Nd1 Re1 30. Nf2 Bg6 31. Bf3 Ne4 32. Nxe4 Bxe4 33. Bxe4
Rxe4 34. Rf2 Re7 35. Kg2 b6 36. Kf3 a5 37. Re2 Rf7+ 38. Kg2 Rd7 39. Re8+ Kf7
40. Rb8 Re7 41. Kf3 Re1 42. Rxb6 Ra1 43. Rxd6 Rxa2 44. Ra6 Ra3 45. Kf4 Rxb3 46.
Rxa5 g5+ 47. Kxg5 Rxg3+ 48. Kh4 Rd3 49. Rc5 Ke7 50. Rc6 Kd7 51. Kg4 Rd1 52. h4
Rg1+ 53. Kf5 h5 54. Ke5 Rg4 55. c5 Rxh4 56. Rh6 Rh1 57. Rh7+ Kc8 58. c6 h4 59.
Kd6 Kb8 60. Kd7 1-0

[Event "SR 3. liga A2 2017/2018"]
[Site "?"]
[Date "2018.03.04"]
[Round "10.5"]
[White "Csefalvay, Stefan"]
[Black "Skapikova, Lubica"]
[Result "1/2-1/2"]
[WhiteElo "1799"]
[BlackElo "1898"]
[PlyCount "143"]
[EventDate "2017.??.??"]

1. d4 f5 2. Nf3 g6 3. Bf4 Bg7 4. e3 Nf6 5. Be2 O-O 6. O-O d6 7. h3 e6 8. Nbd2
Nc6 9. c3 h6 10. Qc2 Ne7 11. Rad1 g5 12. Bh2 Qe8 13. Ne1 h5 14. e4 g4 15. h4
Ng6 16. g3 c6 17. Ng2 Bh6 18. exf5 exf5 19. Bd3 Nd5 20. Rde1 Qf7 21. a3 Be6 22.
Re2 Nc7 23. Rfe1 Rae8 24. c4 Bd7 25. Ne3 Re7 26. f4 Bg7 27. Nb3 Ree8 28. Qd1 b6
29. Nc2 Rxe2 30. Rxe2 c5 31. dxc5 dxc5 32. Qc1 Ba4 33. Nd2 Qd7 34. Ne1 Qd4+ 35.
Kf1 Qxb2 36. Qxb2 Bxb2 37. Nb1 Bd4 38. Bc2 Bc6 39. Bg1 Bxg1 40. Kxg1 Kg7 41.
Nc3 Kf6 42. Rd2 Re8 43. Kf2 Re6 44. Ba4 Ne7 45. Bc2 Ne8 46. Rd8 Rd6 47. Rxd6+
Nxd6 48. Bd3 Bb7 49. Nc2 Nc6 50. Nd5+ Kf7 51. Nce3 Nd4 52. Nc3 Bc8 53. Ncd5 Bd7
54. Nc3 Nc6 55. Nb5 Nxb5 56. cxb5 Nd4 57. a4 Be6 58. Nc4 Ke7 59. Ke3 Bd5 60.
Kd2 Ke6 61. Kc3 Bf3 62. Ne3 Ne2+ 63. Bxe2 Bxe2 64. Kd2 Bf3 65. Kd3 Bd5 66. Kc3
Bb7 67. Kc4 a6 68. Kc3 axb5 69. axb5 Bd5 70. Kc2 c4 71. Kc3 Kd6 72. Kd4 1/2-1/2

[Event "SR 3. liga A2 2017/2018"]
[Site "?"]
[Date "2018.03.04"]
[Round "10.5"]
[White "Lanik, Miroslav"]
[Black "Meszaros, Lorant"]
[Result "1/2-1/2"]
[WhiteElo "1847"]
[BlackElo "1958"]
[PlyCount "100"]
[EventDate "2017.??.??"]

1. e4 e5 2. d4 exd4 3. Qxd4 Nc6 4. Qe3 g6 5. Nc3 Bg7 6. Bd2 d6 7. Bc4 Be6 8.
Bxe6 fxe6 9. Nge2 Ne5 10. f4 Nc4 11. Qh3 Qd7 12. O-O-O O-O-O 13. Qd3 d5 14. e5
Nxd2 15. Rxd2 Ne7 16. Kb1 a6 17. Rhd1 c5 18. Ne4 c4 19. Qa3 Nc6 20. Nd6+ Kb8
21. Nxc4 Qc7 22. Ne3 Bf8 23. Qa4 Bc5 24. Ng4 h5 25. Nf6 Be7 26. Nd4 Nxd4 27.
Qxd4 Rhf8 28. g3 Rc8 29. c3 Qd8 30. Re2 Bxf6 31. exf6 Qxf6 32. Qe5+ Qxe5 33.
Rxe5 Rf6 34. Rde1 Rc6 35. h4 Kc7 36. R5e3 Kd7 37. Kc2 Ke7 38. Kd3 Rf8 39. Re5
Kf6 40. R1e2 Rd8 41. Rd2 Rdd6 42. Ke3 Rc4 43. Rd4 b5 44. Kd3 Rdc6 45. Re2 a5
46. a3 Kf5 47. Re5+ Kf6 48. Re2 Rc8 49. Re5 Rb8 50. Re2 Rbc8 1/2-1/2

[Event "SR 3. liga A2 2017/2018"]
[Site "?"]
[Date "2018.03.04"]
[Round "10.5"]
[White "Sarkozi, Szabolcs"]
[Black "Huska, Branislav"]
[Result "1-0"]
[WhiteElo "1760"]
[BlackElo "1838"]
[PlyCount "77"]
[EventDate "2017.??.??"]

1. d4 Nf6 2. c4 e6 3. Nf3 Bb4+ 4. Nc3 O-O 5. a3 Bxc3+ 6. bxc3 d6 7. g3 Nc6 8.
Bg2 e5 9. O-O e4 10. Nd2 Re8 11. e3 Bg4 12. f3 exf3 13. Nxf3 Qd7 14. Qc2 Re7
15. Ng5 h6 16. Rxf6 hxg5 17. Rf2 Rae8 18. e4 Na5 19. Bxg5 f6 20. Bf4 Nxc4 21.
Qb3 b5 22. a4 a6 23. Rb1 c6 24. axb5 axb5 25. Ra1 g5 26. Bc1 Kg7 27. Qc2 Qe6
28. Bd2 Rh8 29. Raf1 Qg8 30. e5 dxe5 31. Rxf6 Qh7 32. Qxh7+ Rxh7 33. Be4 Rh6
34. Bxg5 Rxf6 35. Bxf6+ Kf7 36. Bxe7+ Kxe7 37. Bxc6 exd4 38. cxd4 b4 39. Rb1
1-0

[Event "SR 3. liga A2 2017/2018"]
[Site "?"]
[Date "2018.03.04"]
[Round "10.5"]
[White "Kir, Kvetoslav"]
[Black "Both, Lajos"]
[Result "1-0"]
[WhiteElo "1788"]
[BlackElo "1790"]
[PlyCount "141"]
[EventDate "2017.??.??"]

1. d4 Nf6 2. c4 g6 3. Nc3 d5 4. Nf3 Bg7 5. e3 O-O 6. Bd3 b6 7. O-O Bb7 8. b3 c5
9. Bb2 cxd4 10. exd4 Nc6 11. Qe2 Re8 12. Rfd1 Nb4 13. Bb1 Rc8 14. a3 Nc6 15.
Nxd5 Nxd5 16. cxd5 Qxd5 17. Ba2 Qh5 18. b4 e6 19. b5 Ne7 20. Rac1 Nd5 21. Rxc8
Rxc8 22. Bxd5 Bxd5 23. a4 Bh6 24. h3 Bb3 25. Ra1 Bd5 26. Re1 Bxf3 27. Qxf3 Qxf3
28. gxf3 Rc4 29. d5 Rxa4 30. dxe6 fxe6 31. Rxe6 Kf7 32. Rc6 Bf4 33. Rf6+ Ke7
34. Rc6 Ra2 35. Bf6+ Kd7 36. Bd4 Ra5 37. Rf6 Bg5 38. Rf7+ Ke6 39. Rxh7 Be7 40.
Rh6 Kf5 41. Rh7 Bc5 42. Bxc5 bxc5 43. Rc7 Rxb5 44. Rxa7 Rb1+ 45. Kg2 c4 46. Ra4
c3 47. Rc4 Rc1 48. f4 c2 49. Kf3 Ke6 50. Ke2 Kd5 51. Kd3 Rd1+ 52. Kxc2 Rf1 53.
Kd3 Rxf2 54. Rd4+ Ke6 55. Ke4 Rh2 56. Rd3 Ra2 57. Kf3 Ra1 58. Re3+ Kf5 59. Re5+
Kf6 60. Kg4 Rg1+ 61. Kf3 Rf1+ 62. Kg3 Rg1+ 63. Kf2 Rh1 64. Kg2 Ra1 65. Re3 Kf5
66. Rf3 Ke4 67. h4 Rg1+ 68. Kxg1 Kxf3 69. h5 gxh5 70. f5 Kg4 71. f6 1-0

[Event "SR 3. liga A2 2017/2018"]
[Site "?"]
[Date "2018.03.04"]
[Round "10.5"]
[White "Rozsas, Daniel"]
[Black "Bendzela, Tibor"]
[Result "1-0"]
[WhiteElo "1728"]
[BlackElo "1687"]
[PlyCount "59"]
[EventDate "2017.??.??"]

1. e4 d5 2. exd5 Qxd5 3. Nc3 Qa5 4. d4 c6 5. Nf3 Nf6 6. h3 Bf5 7. Bd3 Bg6 8.
Bxg6 hxg6 9. Qd3 e6 10. Bd2 Qc7 11. Ne4 Nbd7 12. Nfg5 Be7 13. O-O-O Nd5 14.
Nxe6 fxe6 15. Ng5 Bxg5 16. Qxg6+ Kf8 17. Bxg5 N5f6 18. Rhe1 Re8 19. Rd3 e5 20.
Rde3 e4 21. f3 Qa5 22. a3 Qd5 23. fxe4 Qxd4 24. Rf1 Rh5 25. Qxh5 Re5 26. Qh8+
Kf7 27. Rd3 Qc4 28. Rxd7+ Ke6 29. Rxf6+ gxf6 30. Qe8# 1-0

[Event "SR 3. liga A2 2017/2018"]
[Site "?"]
[Date "2018.03.04"]
[Round "10.6"]
[White "Sobek, Michal"]
[Black "Liptak, Dusan"]
[Result "1-0"]
[WhiteElo "1969"]
[BlackElo "2155"]
[PlyCount "81"]
[EventDate "2017.??.??"]

1. e4 c5 2. Nf3 Nc6 3. Nc3 d6 4. d4 cxd4 5. Nxd4 Nf6 6. Bb5 Bd7 7. Bg5 e6 8.
Bxc6 Bxc6 9. Nxc6 bxc6 10. Qf3 Qb6 11. O-O Be7 12. Rfd1 O-O 13. Qg3 Qxb2 14.
Rab1 Qa3 15. Nd5 Qxg3 16. Nxe7+ Kh8 17. hxg3 Nxe4 18. Bd2 c5 19. Nc6 Rfc8 20.
Na5 Rcb8 21. Be1 d5 22. Nb7 c4 23. Rb2 Nf6 24. Rdb1 Nd7 25. Nd6 Kg8 26. Rb7 Nb6
27. Ba5 h5 28. Kf1 f6 29. Ke2 Rxb7 30. Nxb7 Kf7 31. Nd6+ Ke7 32. Nb5 Kd7 33.
Rh1 g6 34. g4 Rh8 35. gxh5 gxh5 36. Nxa7 Na4 37. Rb1 Nc5 38. Rb5 Ne4 39. Rb7+
Kd6 40. f4 Rg8 41. Bb4+ 1-0

[Event "SR 3. liga A2 2017/2018"]
[Site "?"]
[Date "2018.03.04"]
[Round "10.6"]
[White "Kovacocy, Pavol"]
[Black "Sefcik, Marek"]
[Result "1-0"]
[WhiteElo "2255"]
[BlackElo "2022"]
[PlyCount "107"]
[EventDate "2017.??.??"]

1. e4 e6 2. d3 d5 3. Nd2 c5 4. Ngf3 Nc6 5. g3 b6 6. Bg2 Bb7 7. O-O Nf6 8. Re1
Be7 9. c3 Qc7 10. Nf1 Rd8 11. e5 Ng4 12. Qe2 h5 13. h4 g6 14. Bf4 Bf8 15. N1h2
Nh6 16. Ng5 Ne7 17. Nhf3 Nef5 18. Rac1 Ba6 19. Qc2 Qd7 20. Qd2 Be7 21. a3 Kf8
22. Bh3 Kg7 23. Re2 Qb5 24. Rd1 Rd7 25. Ne1 Qc6 26. Ng2 d4 27. c4 Bb7 28. Ne4
a5 29. Qe1 Rdd8 30. f3 Ra8 31. Qf2 Ng8 32. Rc2 Qd7 33. Bg5 Qc7 34. Bf4 Qd8 35.
Ng5 Qd7 36. Rf1 Bd8 37. Kh2 Kf8 38. Bc1 Bc7 39. f4 Ngh6 40. Qe2 Ng7 41. Ne4
Nhf5 42. Ne1 Ke7 43. Nf3 a4 44. Nfg5 Bc6 45. Bg2 Bb8 46. Bf3 Qb7 47. Qg2 Rc8
48. Re1 Ra7 49. Nh7 Qc7 50. Kh3 Ba8 51. Nd6 Nxd6 52. exd6+ Qxd6 53. Bxa8 Rh8
54. Ng5 1-0

[Event "SR 3. liga A2 2017/2018"]
[Site "?"]
[Date "2018.03.04"]
[Round "10.6"]
[White "Jakubec, Milan"]
[Black "Sarmir, Milos"]
[Result "1/2-1/2"]
[WhiteElo "2004"]
[BlackElo "2067"]
[PlyCount "118"]
[EventDate "2017.??.??"]

1. e4 e5 2. Nf3 Nc6 3. Bb5 a6 4. Bxc6 dxc6 5. d4 exd4 6. Qxd4 Bg4 7. Nbd2 Qxd4
8. Nxd4 O-O-O 9. Ne2 Bc5 10. f3 Bd7 11. Nb3 Bb6 12. Bg5 f6 13. Bh4 Be6 14. Bf2
Bxb3 15. axb3 Bxf2+ 16. Kxf2 Rd2 17. Rac1 Ne7 18. Rhd1 Rhd8 19. Rxd2 Rxd2 20.
Ke3 Rd6 21. g4 c5 22. h4 Ng6 23. Rh1 Ne5 24. g5 Nc6 25. Nc3 Nd4 26. Rh2 Kd7 27.
f4 Ke6 28. gxf6 gxf6 29. Rg2 Kf7 30. Nd5 c6 31. Nc3 b5 32. Rd2 Re6 33. b4 cxb4
34. Rxd4 bxc3 35. b4 Ke7 36. Rd3 a5 37. bxa5 b4 38. Rd1 c5 39. Ra1 Ra6 40. Kd3
Kd6 41. Kc4 Kc6 42. e5 fxe5 43. fxe5 h5 44. e6 Kd6 45. e7 Kxe7 46. Kxc5 b3 47.
cxb3 c2 48. Kb5 Ra8 49. Rc1 Rc8 50. a6 Rb8+ 51. Kc6 Rc8+ 52. Kb7 Kd7 53. b4
Rc7+ 54. Kb6 Rc6+ 55. Ka5 Kc7 56. b5 Rc5 57. a7 Kb7 58. Kb4 Rc8 59. b6 Rc6
1/2-1/2

[Event "SR 3. liga A2 2017/2018"]
[Site "?"]
[Date "2018.03.04"]
[Round "10.6"]
[White "Vagovsky, Jozef"]
[Black "Hirmajer, Jan"]
[Result "1/2-1/2"]
[WhiteElo "1778"]
[BlackElo "1913"]
[PlyCount "137"]
[EventDate "2017.??.??"]

1. d4 Nf6 2. c4 g6 3. g3 d5 4. Nf3 Bg7 5. Bg2 O-O 6. cxd5 Nxd5 7. O-O Nc6 8.
Nc3 Nb6 9. e3 Bg4 10. h3 Be6 11. b3 Nb4 12. Bb2 Qc8 13. Kh2 Rd8 14. a3 N4d5 15.
Ne4 Nf6 16. Nc5 Bd5 17. Qc2 Nbd7 18. Nd2 Bxg2 19. Kxg2 c6 20. Rac1 Nxc5 21.
Qxc5 Qe6 22. Qc2 Qd7 23. Nf3 Qd5 24. Qc4 Qe4 25. Qc2 Qd5 26. Qc4 Qd6 27. Ne5 e6
28. Qc5 Qd5+ 29. Qxd5 Rxd5 30. Kf3 Nd7 31. Nxd7 Rxd7 32. Rc2 Rd5 33. Rd1 Rad8
34. Rcd2 e5 35. e4 R5d7 36. Ke3 Bh6+ 37. f4 exf4+ 38. gxf4 Bg7 39. Rc1 Bf8 40.
b4 a6 41. Rg2 Rd6 42. Rcg1 Bg7 43. Rd1 Re8 44. Kf3 Rde6 45. Re2 R6e7 46. Rd3
Rd7 47. Rd1 Red8 48. Ke3 Bf8 49. Rc2 Ra8 50. Rdc1 Rc8 51. Kf3 Re7 52. Re2 Bh6
53. Rd1 Bg7 54. Rg1 Kf8 55. Rg5 Rd7 56. Ke3 Rcd8 57. Rd2 Bf6 58. Rc5 Be7 59.
Rc1 Ke8 60. Rdc2 Rd6 61. Rd1 Kd7 62. Rdc1 Ke8 63. Rg2 R6d7 64. Rgc2 Bf6 65. Rd1
Re7 66. Rc5 Red7 67. Rc4 Bg7 68. Rc2 Rc7 69. Kf3 1/2-1/2

[Event "SR 3. liga A2 2017/2018"]
[Site "?"]
[Date "2018.03.04"]
[Round "10.6"]
[White "Horak, Ivan"]
[Black "Bohunicky, Ivan"]
[Result "1/2-1/2"]
[WhiteElo "2010"]
[BlackElo "1911"]
[PlyCount "160"]
[EventDate "2017.??.??"]

1. e4 d5 2. e5 c5 3. c3 Nc6 4. d4 Bf5 5. Nf3 e6 6. Bd3 Bxd3 7. Qxd3 Qb6 8. O-O
Rc8 9. dxc5 Bxc5 10. b4 Bxb4 11. cxb4 Nxb4 12. Qb3 Nc2 13. Qxb6 axb6 14. Bb2
Nxa1 15. Bxa1 Rc2 16. a3 Ne7 17. Bd4 Kd7 18. Bxb6 Rhc8 19. Be3 Nf5 20. Bd2 R8c4
21. g3 Rb2 22. Kg2 f6 23. Re1 h5 24. h3 b5 25. Rd1 Rcc2 26. Ne1 Rxb1 27. Rxb1
Rxd2 28. exf6 gxf6 29. Rxb5 Ne3+ 30. Kg1 Nc4 31. Rb7+ Kd6 32. Rh7 Nxa3 33. Nf3
Rd1+ 34. Kg2 d4 35. Rxh5 d3 36. Rh6 Ke7 37. Rh7+ Kd6 38. h4 e5 39. Ra7 Nc4 40.
Ra6+ Ke7 41. h5 e4 42. Nd4 d2 43. Re6+ Kf7 44. Rxe4 Rg1+ 45. Kxg1 d1=Q+ 46. Kg2
Qxh5 47. Nf3 Qd5 48. Rd4 Qc6 49. g4 Ne5 50. Rf4 Nxf3 51. Rxf3 Kg6 52. Kg3 Qd6+
53. Kh3 Qd1 54. Rf5 Qh1+ 55. Kg3 Qg1+ 56. Kh3 Qh1+ 57. Kg3 Qe1 58. Kf3 Qg1 59.
Rh5 Qd1+ 60. Kg3 Qd6+ 61. Kf3 Qd3+ 62. Kg2 Qe2 63. Kg3 Qd3+ 64. Kg2 Qe4+ 65.
Kg3 Qd3+ 66. Kg2 Qe4+ 67. Kg3 Qd4 68. Kf3 Qd3+ 69. Kg2 Qc4 70. Kg3 Qc7+ 71. Kf3
Qd6 72. Ke3 Qa3+ 73. Kf4 Qd3 74. f3 Qd6+ 75. Ke4 Qg3 76. Ke3 Kf7 77. Ke4 Ke6
78. Ke3 Qe1+ 79. Kf4 Qf2 80. Ke4 Qe2+ 1/2-1/2

[Event "SR 3. liga A2 2017/2018"]
[Site "?"]
[Date "2018.03.04"]
[Round "10.6"]
[White "Hornak, Pavol"]
[Black "Chabada, Tomas"]
[Result "0-1"]
[WhiteElo "1776"]
[BlackElo "1986"]
[PlyCount "83"]
[EventDate "2017.??.??"]

1. d4 d5 2. c4 c6 3. cxd5 cxd5 4. Nc3 Nf6 5. Nf3 Nc6 6. e3 e6 7. Bd3 a6 8. O-O
Bd6 9. a3 O-O 10. e4 dxe4 11. Nxe4 Nxe4 12. Bxe4 h6 13. Be3 Ne7 14. Rc1 Nd5 15.
Qd2 Nf6 16. Bb1 Ng4 17. Qd3 f5 18. Ba2 Bd7 19. h3 Nxe3 20. fxe3 Qf6 21. Qb3 Kh8
22. Qd3 Bc6 23. d5 Bb5 24. Bc4 Bxc4 25. Rxc4 b5 26. Rc6 Rfd8 27. Nd4 Qe5 28.
Nf3 Qxb2 29. Nd4 exd5 30. Rxf5 Rac8 31. Rxa6 Rc1+ 32. Rf1 Rxf1+ 33. Kxf1 Bg3
34. Qf5 Qc1+ 35. Ke2 Qe1+ 36. Kd3 Qd1+ 37. Kc3 Be1+ 38. Kb2 Qd2+ 39. Nc2 Qc3+
40. Kb1 Bd2 41. Nd4 Bxe3 42. Rxh6+ 0-1

[Event "SR 3. liga A2 2017/2018"]
[Site "?"]
[Date "2018.03.04"]
[Round "10.6"]
[White "Kahanek, Jaroslav"]
[Black "Kavuljak, Alojz"]
[Result "1-0"]
[WhiteElo "1866"]
[BlackElo "1685"]
[PlyCount "115"]
[EventDate "2017.??.??"]

1. d4 d6 2. e4 g6 3. h3 Bg7 4. Nf3 Nc6 5. Bb5 Bd7 6. O-O h6 7. Re1 e5 8. Bxc6
Bxc6 9. d5 Bd7 10. c4 Ne7 11. Be3 O-O 12. Nc3 f5 13. Qc1 f4 14. Bd2 a6 15. a4
g5 16. Nh2 Ng6 17. f3 h5 18. Qd1 Qc8 19. Rf1 Nh8 20. Qe2 Nf7 21. Nd1 Nh6 22.
Nf2 Rf6 23. Kh1 Kf7 24. Rg1 Rg6 25. g4 hxg4 26. hxg4 b6 27. Kg2 Qb7 28. Qd3 Rh8
29. Rh1 Ng8 30. Nf1 Rgh6 31. Rxh6 Rxh6 32. b4 Ne7 33. c5 Qa8 34. c6 Bc8 35. a5
b5 36. Nh2 Ng6 37. Rh1 Nh4+ 38. Kf1 Qa7 39. Bc3 Qe3 40. Qxe3 fxe3 41. Nh3 Kg6
42. Ng1 e2+ 43. Kxe2 Ng2 44. Kf2 Nf4 45. Ne2 Bf6 46. Nxf4+ gxf4 47. Kg2 Bh4 48.
Nf1 Kg5 49. Bd2 Kg6 50. Rh3 Rh7 51. Bc3 Rh6 52. Nd2 Kg5 53. Nb3 Kf6 54. Nc1 Kg5
55. Nd3 Kf6 56. Nxf4 Kg5 57. Ne2 Bxg4 58. Bd2+ 1-0

[Event "SR 3. liga A2 2017/2018"]
[Site "?"]
[Date "2018.03.04"]
[Round "10.6"]
[White "Stefik, Miroslav"]
[Black "Zlamal, Marek"]
[Result "1/2-1/2"]
[WhiteElo "1621"]
[BlackElo "1838"]
[PlyCount "141"]
[EventDate "2017.??.??"]

1. e4 e5 2. Nf3 Nc6 3. Bc4 Be7 4. Nc3 Nf6 5. O-O O-O 6. d3 d6 7. h3 Na5 8. Bb3
Nxb3 9. axb3 c6 10. Ne2 h6 11. Ng3 Be6 12. Nh2 Nh7 13. Nf5 Bg5 14. f4 exf4 15.
Bxf4 Bxf5 16. Bxg5 Nxg5 17. exf5 f6 18. Ra4 Re8 19. Ng4 Re7 20. h4 Nf7 21. Re4
Qd7 22. Qf3 Rxe4 23. dxe4 Ne5 24. Nxe5 dxe5 25. Rd1 Qe7 26. Qd3 Rc8 27. Qc4+
Kf8 28. Qd3 Ke8 29. Qc4 Kf8 30. Qd3 b5 31. Kh2 Ke8 32. Qe2 Rd8 33. Ra1 Qc5 34.
c3 Rd7 35. Qh5+ Kd8 36. Qg6 Qe3 37. Qh7 Kc7 38. Qg6 Kb7 39. Qg4 Qf4+ 40. Qg3
Rd2 41. Re1 Rxb2 42. Qxf4 exf4 43. e5 fxe5 44. Rxe5 f3 45. Kg1 Rxg2+ 46. Kf1
Rg4 47. Kf2 Rf4 48. Re7+ Kb6 49. Rxg7 Rxf5 50. Rg6 Rc5 51. c4 bxc4 52. bxc4
Rxc4 53. Rxh6 Rf4 54. h5 Rf5 55. Rh8 Rf7 56. h6 Kc5 57. Rg8 a5 58. Rg7 Rf8 59.
h7 Rh8 60. Kxf3 a4 61. Ke3 Kc4 62. Kd2 a3 63. Kc2 a2 64. Kb2 Ra8 65. Ka1 Rh8
66. Kxa2 c5 67. Kb2 Kd3 68. Kc1 Kc3 69. Rg3+ Kb4 70. Rh3 c4 71. Kc2 1/2-1/2

[Event "SR 3. liga A2 2017/2018"]
[Site "?"]
[Date "2018.03.25"]
[Round "11.1"]
[White "Kovacocy, Pavol"]
[Black "Sosna, Jan"]
[Result "1/2-1/2"]
[WhiteElo "2255"]
[BlackElo "2350"]
[PlyCount "31"]
[EventDate "2017.??.??"]

1. e4 e5 2. Nf3 Nc6 3. Bc4 Bc5 4. c3 Nf6 5. d3 d6 6. Bb3 a6 7. h3 Ba7 8. Nbd2
O-O 9. Nf1 Ne7 10. Nh4 Nd7 11. Ng3 Nc5 12. Bc2 Ng6 13. Nhf5 Nh4 14. Qg4 Nxf5
15. exf5 Kh8 16. O-O 1/2-1/2

[Event "SR 3. liga A2 2017/2018"]
[Site "?"]
[Date "2018.03.25"]
[Round "11.1"]
[White "Jozefek, Michal"]
[Black "Sarmir, Milos"]
[Result "1/2-1/2"]
[WhiteElo "2204"]
[BlackElo "2067"]
[PlyCount "132"]
[EventDate "2017.??.??"]

1. d4 Nf6 2. c4 e5 3. dxe5 Ng4 4. Nf3 Nc6 5. Bf4 Bb4+ 6. Nbd2 Qe7 7. a3 Ngxe5
8. Nxe5 Nxe5 9. e3 Bxd2+ 10. Qxd2 O-O 11. Be2 d6 12. O-O b6 13. b4 Bb7 14. Rfd1
Ng6 15. Bg3 Nh4 16. Bf1 Qe4 17. f3 Qe7 18. e4 Ng6 19. Rac1 Rad8 20. Qc2 h5 21.
c5 dxc5 22. bxc5 h4 23. Bf2 Qg5 24. Kh1 h3 25. g3 Qf6 26. Be2 Ne5 27. c6 Nxc6
28. Kg1 Nd4 29. Bxd4 Rxd4 30. Qxc7 Rxd1+ 31. Rxd1 Qb2 32. Bf1 Ba6 33. Qc1 Qxc1
34. Rxc1 Bxf1 35. Kxf1 Rd8 36. Ke2 Rd4 37. Ke3 Ra4 38. Rc3 g5 39. f4 gxf4+ 40.
Kxf4 b5 41. g4 a5 42. Rxh3 b4 43. axb4 Rxb4 44. Ra3 a4 45. h4 Kg7 46. Kf5 Rb5+
47. e5 Rb4 48. Ra1 Rc4 49. h5 Kh6 50. Ra2 Rb4 51. Ra3 Rc4 52. Rh3 Rb4 53. g5+
Kg7 54. h6+ Kh7 55. Rg3 Rc4 56. Re3 Rc1 57. Rf3 Rc6 58. Ke4 Kg6 59. Rh3 Kh7 60.
Kf5 Rb6 61. Rd3 Rb1 62. Kf6 Rf1+ 63. Ke7 Rf5 64. Ra3 Kg6 65. Rxa4 Rxe5+ 66. Kf8
Rxg5 1/2-1/2

[Event "SR 3. liga A2 2017/2018"]
[Site "?"]
[Date "2018.03.25"]
[Round "11.1"]
[White "Bohunicky, Ivan"]
[Black "Koutny, Petr"]
[Result "0-1"]
[WhiteElo "1911"]
[BlackElo "2168"]
[PlyCount "64"]
[EventDate "2017.??.??"]

1. d4 d5 2. c4 c6 3. Nf3 Nf6 4. Nc3 dxc4 5. a4 Bf5 6. Ne5 Nbd7 7. Nxc4 Qc7 8.
e3 e5 9. dxe5 Nxe5 10. Nxe5 Qxe5 11. Qb3 Qc7 12. Bc4 Bd6 13. h3 O-O 14. Bd2 Nd7
15. g4 Nc5 16. Qa2 Nd3+ 17. Bxd3 Bxd3 18. O-O-O b5 19. b3 b4 20. Be1 Bg6 21.
Ne2 c5 22. f3 c4 23. Kb2 Be5+ 24. Nd4 c3+ 25. Kc1 Rfd8 26. Nf5 Bxf5 27. Rxd8+
Qxd8 28. gxf5 Qd3 29. Bf2 Rd8 30. Re1 Qd2+ 31. Kb1 Qxa2+ 32. Kxa2 Rd2+ 0-1

[Event "SR 3. liga A2 2017/2018"]
[Site "?"]
[Date "2018.03.25"]
[Round "11.1"]
[White "Stanec, Stanislav"]
[Black "Markuliak, Mario"]
[Result "1-0"]
[WhiteElo "2007"]
[BlackElo "1851"]
[PlyCount "115"]
[EventDate "2017.??.??"]

1. d4 d6 2. Nf3 Nd7 3. e3 e5 4. Bd3 Be7 5. O-O Ngf6 6. Nbd2 O-O 7. c3 c6 8. Re1
Re8 9. Bc2 Qc7 10. e4 b5 11. Nf1 Nb6 12. Ng3 Bf8 13. Bg5 Nbd7 14. Rc1 g6 15.
Qd2 Bg7 16. Bh6 Nb6 17. b3 a5 18. Nh4 Ng4 19. Bxg7 Kxg7 20. h3 Qe7 21. Nf3 Nf6
22. Qe3 Qc7 23. Nh4 exd4 24. cxd4 Nxe4 25. Nxe4 d5 26. Qg3 Qxg3 27. Nxg3 Bd7
28. Nf3 f6 29. Rxe8 Rxe8 30. Re1 a4 31. Rxe8 Bxe8 32. Ne1 axb3 33. axb3 Nc8 34.
Nd3 Nd6 35. Nc5 Kf7 36. Kf1 Ke7 37. h4 h6 38. h5 g5 39. Ke2 f5 40. Nxf5+ Nxf5
41. Bxf5 Bxh5+ 42. Ke3 Be8 43. f4 Kd6 44. Be6 gxf4+ 45. Kxf4 Bg6 46. Bf5 Bh5
47. Kg3 Bf7 48. Kh4 Be8 49. Bg4 Bg6 50. Bh5 Bc2 51. b4 Ke7 52. Bg4 Bg6 53. Bd7
Kd6 54. g4 Bf7 55. Bf5 Ke7 56. Nd7 Be8 57. Ne5 Kd6 58. Ng6 1-0

[Event "SR 3. liga A2 2017/2018"]
[Site "?"]
[Date "2018.03.25"]
[Round "11.1"]
[White "Hornak, Pavol"]
[Black "Hudacek, Josef"]
[Result "0-1"]
[WhiteElo "1776"]
[BlackElo "2061"]
[PlyCount "119"]
[EventDate "2017.??.??"]

1. d4 Nf6 2. c4 g6 3. Nc3 d5 4. cxd5 Nxd5 5. e3 Nxc3 6. bxc3 Bg7 7. Nf3 O-O 8.
Be2 c5 9. O-O Qa5 10. Bd2 Nc6 11. Qb3 Qc7 12. Rac1 Na5 13. Qa3 c4 14. e4 b6 15.
Be3 Bb7 16. Nd2 Rfd8 17. f4 Bh6 18. e5 f5 19. Bf3 Bf8 20. Bxb7 Qxb7 21. Rb1 Qc6
22. Qc1 e6 23. Qc2 Rd5 24. Rf3 Rad8 25. h4 Be7 26. Rh3 h5 27. a4 Rc8 28. Kf2
Nb3 29. Nxb3 cxb3 30. Qxb3 Qxc3 31. Qxc3 Rxc3 32. Ra1 Rc2+ 33. Kf3 Bb4 34. Rhh1
Rd7 35. Rhc1 Rdc7 36. Rxc2 Rxc2 37. Rc1 Rxc1 38. Bxc1 Kf7 39. Be3 Ke7 40. Ke2
Kd7 41. Bd2 Be7 42. g3 Kc6 43. Kd3 Kd5 44. Be1 a6 45. Bd2 b5 46. a5 Ba3 47. Bc3
b4 48. Bd2 b3 49. Bc3 Bc1 50. Bb4 b2 51. Kc2 Kxd4 52. Bc3+ Kc4 53. Be1 Kb5 54.
Kb1 Kc5 55. Kc2 Kc4 56. Kb1 Kb3 57. Bd2 Bxd2 58. g4 hxg4 59. h5 g3 60. hxg6 0-1

[Event "SR 3. liga A2 2017/2018"]
[Site "?"]
[Date "2018.03.25"]
[Round "11.1"]
[White "Vogl, Zdenek"]
[Black "Stefik, Miroslav"]
[Result "1-0"]
[WhiteElo "1903"]
[BlackElo "1621"]
[PlyCount "59"]
[EventDate "2017.??.??"]

1. e4 e5 2. Nf3 Nc6 3. Bb5 d6 4. d4 Bd7 5. O-O Nf6 6. d5 Ne7 7. Bd3 Ng6 8. h3
Be7 9. Be3 O-O 10. c4 h6 11. b4 b6 12. Nbd2 Nh7 13. Rc1 f5 14. exf5 Bxf5 15.
Bxf5 Rxf5 16. Qc2 Qd7 17. Ne4 Nf4 18. Bxf4 Rxf4 19. Rcd1 Raf8 20. c5 Qf5 21.
Nfd2 Ng5 22. f3 Nxh3+ 23. gxh3 Qxh3 24. Rf2 Rh4 25. Rg2 Rhf4 26. Kf2 Qf5 27.
Qb3 Kh8 28. cxb6 axb6 29. a4 Qh3 30. Rdg1 1-0

[Event "SR 3. liga A2 2017/2018"]
[Site "?"]
[Date "2018.03.25"]
[Round "11.1"]
[White "Hrubsa, Marian"]
[Black "Zelensky, Ivan"]
[Result "1-0"]
[WhiteElo "1937"]
[BlackElo "1541"]
[PlyCount "124"]
[EventDate "2017.??.??"]

1. e4 e5 2. Nf3 Nc6 3. Bb5 Nf6 4. d3 a6 5. Bxc6 dxc6 6. Nxe5 Bd6 7. Nc4 O-O 8.
O-O Re8 9. Nxd6 cxd6 10. Bg5 h6 11. Bh4 Qe7 12. Nc3 b5 13. f4 Qe6 14. f5 Qe7
15. a3 Bb7 16. Bg3 Nd7 17. f6 Nxf6 18. Bh4 g5 19. Qf3 Nh7 20. Bg3 f6 21. Qh5
Kg7 22. Rae1 Rf8 23. d4 Qf7 24. Qxf7+ Rxf7 25. Bxd6 Kg6 26. e5 Rd8 27. Bc5 fxe5
28. Rxf7 Kxf7 29. dxe5 Bc8 30. Ne4 Rd5 31. Bd6 Ke6 32. Nc5+ Kf7 33. Rf1+ Ke8
34. c3 a5 35. h3 a4 36. Rf2 Rd1+ 37. Kh2 g4 38. hxg4 Bxg4 39. Ne4 Be6 40. Bc5
Bd5 41. Nd6+ Kd7 42. Nf7 Re1 43. Bd4 h5 44. Nh6 Re4 45. Nf5 Ng5 46. Ne3 Bg8 47.
Rf8 Bb3 48. Rh8 Bf7 49. Ra8 Ne6 50. Ra7+ Ke8 51. Nf5 c5 52. Nd6+ Kf8 53. Nxe4
cxd4 54. cxd4 Nxd4 55. Nd6 Bc4 56. Nxc4 bxc4 57. Rxa4 Nc6 58. Rxc4 Nxe5 59. Rc7
Ke8 60. Rc5 Nd7 61. Rxh5 Ke7 62. Rh8 Kd6 1-0

[Event "SR 3. liga A2 2017/2018"]
[Site "?"]
[Date "2018.03.25"]
[Round "11.2"]
[White "Kalmar, Tamas"]
[Black "Provaznik, Michal"]
[Result "1/2-1/2"]
[WhiteElo "2098"]
[BlackElo "2198"]
[PlyCount "42"]
[EventDate "2017.??.??"]

1. d4 g6 2. c4 Bg7 3. Nc3 Nf6 4. e4 d6 5. f3 O-O 6. Be3 Nbd7 7. Bd3 c5 8. Nge2
cxd4 9. Nxd4 Ne5 10. Be2 Bd7 11. Qd2 Qa5 12. O-O Rfc8 13. b3 a6 14. Rac1 Nc6
15. Rfd1 Nxd4 16. Bxd4 Kf8 17. Be3 Bc6 18. Nd5 Qxd2 19. Bxd2 Nxd5 20. cxd5 Bd7
21. Rxc8+ Rxc8 1/2-1/2